000 01087nam a2200313Ia 4500
001 Z_1706
003 CHAP
008 220113s1999 xx 000 0 und d
010 _a164798
040 _cCHAP
090 _aTesis O44 1363
100 _aOlea Herrera, Donají
_982987
245 _aAlgunos factores que afectan la eficiencia productiva de los ovinos en México /
_cDonaji Olea Herrera
260 _aMéxico :
_bEl autor,
_c1999
300 _a108 h.
502 _aTesis (Ingeniero Agrónomo Especialista en Zootecnia) -- UACh, 1999 \ Dirección: Quito López tirado; asesoría: Hermilo Suárez Dominguez y Carlos G. Germán Alarcón
650 _aCarne de borrego en canal
_919123
650 _aGanado lanar
_xMéxico\
_945198
650 _aGanado lanar
_xProducción\
_945214
700 _a Germán Alarcón, Carlos G., asesor
_9138869
700 _a Suárez Domínguez, Hermilo, asesor
_9138870
700 _aLópez Tirado, Quito, director
_9138871
901 _aTESIS O44 1363
902 _aM
910 _a1999
942 _c2
942 _c2
999 _c164798
_d164798